000 00597nam a2200241 a 4500
001 nice12345678
003 IN_TiNIC
005 20260116013903.0
008 050524s0000 dela grp 000 0 eng
020 _a8170414
_c125
082 0 0 _a922.97
_bHUS1
100 _aHussain, Riaz
245 _aIqbal
_b an International Missionary of Islam
260 _aDelhi
_bAnmol Publishers
_c0000
300 _a92p
500 _aincludes index and biblioraphy
505 2 _aIndices
650 _aKarma-Marga
700 1 _aHussain, Riaz
902 _bSRS
942 _cBK
999 _c12973
_d12973